Manual prt̀ico de avaliaȯ̂ e controle de poeira e outros particulados

Detalles Bibliográficos
Autor principal: Messias Saliba, Tuffi
Formato: eBook
Lenguaje:portugués
Publicado: San Pablo: LTR Editora, 2014
Materias:
Acceso en línea:Acceso restringido

MARC

LEADER 00000nam a22000007a 4500
005 20141009234136.0
007 cr|||| ||||
008 141009s2014 br |||||s|||| 00||0 por d
020 |a 978-85-361-3030-9 
035 |a 12432 
040 |a vLex 
090 |c 5204  |d 5204 
100 1 |a Messias Saliba, Tuffi 
245 1 0 |a Manual prt̀ico de avaliaȯ̂ e controle de poeira e outros particulados  |h [Recurso electrn̤ico] /  |c Tuffi Messias Saliba 
256 |a Servicio en ln̕ea 
260 |a San Pablo:  |b LTR Editora,  |c 2014 
300 |a 1 recurso electrn̤ico 
506 1 |a Disponible solo en los productos indicados  |d vLex Global  |d vLex Global (Academic Edition, excluding Law Schools)  |d vLex Global (U.S. Academic Edition, Law Schools)  |d vLex Global (U.S. Academic Edition, excluding Law Schools)  |d vLex Global (Academic Edition, Law Schools) 
650 0 4 |a Derecho Pb︢lico y Administrativo  |z Brasil 
650 0 4 |a Derecho del Medio Ambiente  |z Brasil 
740 0 |a vLex Libros (Servicio en ln̕ea) 
856 4 0 |u http://vlex.com/source/manual-pratico-avalia-o-controle-poeira-outros-particulados-12432  |z Acceso restringido 
942 |c BOOK 
999 0 |a Public and Administrative Law  
999 0 |a Environmental Law